000 00329nam a2200133 i 4500
001 bg
100 1 _aLUTEK, Kazimierz
245 0 _aLaboratorium badania i eksploatacji obrabiarek /
_cKazimierz Lutek.
260 _aLublin,
_c1977.
040 _cBPK
041 _apol
942 _cKS
008 s pl f |000 0 pol
999 _c27739
_d27739
856 _uhttp://koha.tu.koszalin.pl/cgi-bin/koha/opac-detail.pl?biblionumber=27739
_yKatalog online BPK